Inšpiratívne oblasti hospodárskej politky švédskeho modelu sociálneho štátu

Nový švédsky model štátu blahobytu, ktorý obsahuje prehodnotenie niektorých pilierov tradičného modelu. Makroekonomické údaje, najmä štatistické prehľady členských štátov Európskej únie. Porovnanie fungujúceho a nefungujúceho sociálneho štátu s poukázaním na značné rozdiely medzi nimi.

Guardado en:
Detalles Bibliográficos
Autor principal: Blašková, Mária
Formato: Capítulo de libro
Lenguaje:eslovaco
Materias:
Etiquetas: Agregar Etiqueta
Sin Etiquetas, Sea el primero en etiquetar este registro!

MARC

LEADER 00000nla a2200000 4500
001 0165636
005 20240502072903.7
041 0 |a slo 
044 |a SK 
245 1 0 |a Inšpiratívne oblasti hospodárskej politky švédskeho modelu sociálneho štátu  |c Mária Blašková 
520 |a Nový švédsky model štátu blahobytu, ktorý obsahuje prehodnotenie niektorých pilierov tradičného modelu. Makroekonomické údaje, najmä štatistické prehľady členských štátov Európskej únie. Porovnanie fungujúceho a nefungujúceho sociálneho štátu s poukázaním na značné rozdiely medzi nimi. 
610 2 0 |a politika hospodárska 
610 2 0 |a riadenie hospodárske 
610 2 0 |a rozvoj sociálno-ekonomický 
610 2 0 |a systémy sociálno-ekonomické 
610 2 0 |a štát sociálny 
610 2 0 |a modely 
610 2 0 |a Švédsko 
100 1 |a Blašková, Mária